| 000 | 01090nam a2200253Ia 4500 | ||
|---|---|---|---|
| 003 | Ost | ||
| 005 | 20260507075048.0 | ||
| 008 | 260507s9999||||xx |||||||||||||| ||und|| | ||
| 020 | _a×083069957 | ||
| 040 | _cfsecg | ||
| 041 | _aara | ||
| 082 | _a380 | ||
| 100 |
_aالراوي، خالد _eمؤلف |
||
| 245 | 0 |
_aمبادئ التسويق الحديث / _c خالد الراوي |
|
| 260 |
_aعمان: _bدار المسيرة للنشر والتوزيع, _c2000 |
||
| 300 |
_a384 صفحة؛ _bإيضاحات ؛ _c24 سم |
||
| 520 | _aمفاهيم تسويقية-مفهوم التسويق-تطور مفهوم بحوث التسويق-المنتجات-بحوث التسويق-التسعير- الترويج والإعلان-التوزيع-الوزيع المادي-التعبئة والتغليف-تسويق الخدمات-نظم المعلومات التسويقية | ||
| 653 | _aأدارة المبيعات | ||
| 653 | _aالاعلان | ||
| 653 | _aالإنتاج | ||
| 653 | _aالتسويق | ||
| 700 |
_aالسند، حمود _eمؤلف ثانوي |
||
| 942 | _cكتاب | ||
| 999 |
_c42601 _d42601 |
||